000 00322nam a22001457a 4500
008 210528b ||||| |||| 00| 0 eng d
020 _a9780397508693
041 _aeng
080 _a618
082 _a618
100 _a10
101 _aGJIN
245 _aFetal Diagnosis and Therapy
_cMark I. Evans
942 _2udc
_cBK
999 _c57769
_d57769